Cartesian tensors in engineering science, (Record no. 34173)
[ view plain ]
| 000 -LEADER | |
|---|---|
| fixed length control field | 00886cam a22002891 4500 |
| 001 - CONTROL NUMBER | |
| control field | 10335158 |
| 003 - CONTROL NUMBER IDENTIFIER | |
| control field | OSt |
| 005 - DATE AND TIME OF LATEST TRANSACTION | |
| control field | 20170105113127.0 |
| 008 - FIXED-LENGTH DATA ELEMENTS--GENERAL INFORMATION | |
| fixed length control field | 750926s1966 enka 000 0 eng |
| 010 ## - LIBRARY OF CONGRESS CONTROL NUMBER | |
| LC control number | 65026892 |
| 015 ## - NATIONAL BIBLIOGRAPHY NUMBER | |
| National bibliography number | GB66-3687 |
| 035 ## - SYSTEM CONTROL NUMBER | |
| System control number | (OCoLC)1658013 |
| 040 ## - CATALOGING SOURCE | |
| Original cataloging agency | DLC |
| Transcribing agency | FMU |
| Modifying agency | OCoLC |
| -- | Uk |
| -- | DLC |
| 042 ## - AUTHENTICATION CODE | |
| Authentication code | premarc |
| 050 00 - LIBRARY OF CONGRESS CALL NUMBER | |
| Classification number | TA347.T4 |
| Item number | J3 1966 |
| 082 ## - DEWEY DECIMAL CLASSIFICATION NUMBER | |
| Classification number | 620.112 |
| 100 1# - MAIN ENTRY--PERSONAL NAME | |
| Personal name | Jaeger, Leslie G. |
| 245 10 - TITLE STATEMENT | |
| Title | Cartesian tensors in engineering science, |
| Statement of responsibility, etc. | by L.G. Jaeger. |
| 250 ## - EDITION STATEMENT | |
| Edition statement | [1st ed.] |
| 260 ## - PUBLICATION, DISTRIBUTION, ETC. | |
| Place of publication, distribution, etc. | Oxford, |
| -- | New York, |
| Name of publisher, distributor, etc. | Pergamon Press |
| Date of publication, distribution, etc. | [1966] |
| 300 ## - PHYSICAL DESCRIPTION | |
| Extent | viii, 116 p. |
| Other physical details | illus. |
| Dimensions | 19 cm. |
| 490 0# - SERIES STATEMENT | |
| Series statement | The Commonwealth and International Library. Structures and Solid Body Mechanics Division |
| 650 #0 - SUBJECT ADDED ENTRY--TOPICAL TERM | |
| Topical term or geographic name entry element | Calculus of tensors. |
| 650 #0 - SUBJECT ADDED ENTRY--TOPICAL TERM | |
| Topical term or geographic name entry element | Engineering mathematics. |
| 906 ## - LOCAL DATA ELEMENT F, LDF (RLIN) | |
| a | 7 |
| b | cbc |
| c | oclcrpl |
| d | u |
| e | ncip |
| f | 19 |
| g | y-gencatlg |
| 942 ## - ADDED ENTRY ELEMENTS (KOHA) | |
| Source of classification or shelving scheme | |
| Koha item type | Book |
| Withdrawn status | Lost status | Source of classification or shelving scheme | Damaged status | Not for loan | Permanent Location | Current Location | Shelving location | Date acquired | Full call number | Barcode | Date last seen | Price effective from | Koha item type |
|---|---|---|---|---|---|---|---|---|---|---|---|---|---|
| School of Mechanical & Manufacturing Engineering (SMME) | School of Mechanical & Manufacturing Engineering (SMME) | Book Bank | 07/29/2016 | 620.112 | SMME-BB174 | 04/02/2018 | 07/29/2016 | Book |
